000 00616nam a2200217Ii 4500
003 JO-AjNU
008 230605s9999||||xx |||||||||||||| ||und||
017 _a1991/3182
040 _aJO-AjNU
_bara
_erda
_cJO-AjNU
041 _aara
050 1 4 _aJC143.M4.M44.1991
100 3 _aميكافيللى,
_eauthor
_918840
245 0 0 _aالأمير
250 _a(د،ط)
264 3 1 _aالفجالة:مكتبة مصر ،1991
300 _a152ص
336 _atext
_btxt
_2rdacontent
337 _aunmediated
_bn
_2rdamedia
338 _avolume
_bnc
_2rdacarrier
650 4 _aعلوم سياسية -- فلسفة
_918841
999 _aA6101
_c9669
_d9669